00515nas a2200193 a 4500001001000000003000400010005001700014008004100031040001800072043000900090245001400099260004100113300001800154310001100172362002200183500005200205650004700257999001700304000036530DLC20200930075801.0120119c20119999dr dr1ndd 0 0spa d aDO-SdBNPbspa anwdr00aEl Día. aSanto Domingo :bEditora Hoy,c2011. ail. ;c42 cm. aDiaria0 aAño x, no. 1659 aDirector: diciembre 2011, Rafael Molina Morillo 0aPublicaciones periódicasvDIARIOS962717 c36021d36021